000 00289nam a22001337a 4500
008 170622b xxu||||| |||| 00| 0 eng d
020 _a9780765615381
041 _aeng
080 _a94(7/8)
100 _a16
101 _aSHH
245 _aMODERN AMERICA
_cDONALDSON,G
942 _2udc
_cBK
999 _c18820
_d18820